000 00840nam a2200265 a 4500
001 63858
003 BD-RjUL
005 20211209081236.0
008 040217s2002 enka b 001 0 eng
020 _a0195066529 (alk. paper)
035 _a(BD-RjUL)63988
040 _aDLC
_cDLC
_dBD-RjUL
_beng
041 _aeng
082 0 0 _a901
_223
_bGAL 2002
100 1 _aGaddis, John Lewis.
_9189608
245 1 4 _aThe landscape of history :
_bhow historians map the past /
_cJohn Lewis Gaddis.
260 _aNew York :
_bOxford University Press,
_cc2002.
300 _axii, 192 p. :
_bill. ;
_c22 cm.
504 _aIncludes bibliographical references and index.
650 0 _aHistory
_xPhilosophy.
_9171874
650 0 _aHistory
_xMethodology.
_9189609
650 0 _aAesthetics
_xHistory.
_9186080
942 _2ddc
_cBK
999 _c63858
_d63858